[Event "Lueneburg GM"]
[Site "Lueneburg"]
[Date "2013.07.19"]
[Round "5"]
[White "Feuerstack, Aljoscha"]
[Black "Karpatchev, Aleksandr"]
[Result "1-0"]
[WhiteElo "2418"]
[BlackElo "2484"]
[PlyCount "105"]
[EventDate "2013.07.15"]
[EventType "tourn"]
[EventRounds "9"]
[EventCountry "GER"]
[EventCategory "6"]
[SourceTitle "CBM 155 Extra"]
[Source "ChessBase"]
[SourceDate "2013.08.26"]
[SourceVersion "1"]
[SourceVersionDate "2013.08.26"]
[SourceQuality "1"]

1. e4 e5 2. Nf3 Nc6 3. c3 d5 4. Qa4 f6 5. d3 Be6 6. Be2 Qd7 7. O-O O-O-O 8.
Nbd2 Kb8 9. Re1 Nge7 10. b4 Nd4 11. Qxd7 Nxe2+ 12. Rxe2 Bxd7 13. d4 dxe4 14.
Rxe4 Bc6 15. Re1 Nd5 16. b5 Be8 17. dxe5 fxe5 18. Ne4 Bxb5 19. Nxe5 Re8 20. c4
Bb4 21. Bb2 Bxe1 22. Rxe1 Rxe5 23. Bxe5 Bxc4 24. Nd2 Bb5 25. Bxg7 Rd8 26. Ne4
Nf4 27. g3 Rg8 28. Bh6 Ne2+ 29. Kg2 Re8 30. f3 b6 31. Be3 Bd3 32. Kf2 Bxe4 33.
Rxe2 Bd5 34. a3 Kb7 35. Bf4 Rxe2+ 36. Kxe2 c5 37. g4 b5 38. Be3 Kc6 39. Bd2 Kb6
40. f4 a5 41. f5 b4 42. axb4 cxb4 43. h4 Kb5 44. h5 a4 45. g5 a3 46. Bc1 Ka4
47. g6 b3 48. gxh7 b2 49. Bxb2 axb2 50. h8=Q Bc4+ 51. Ke3 b1=Q 52. Qa8+ Kb4 53.
Qb7+ 1-0

[Event "Senta op-A 17th"]
[Site "Senta"]
[Date "2013.07.17"]
[Round "6"]
[White "Markovic, Aleksandar"]
[Black "Pregarac, Valter"]
[Result "1/2-1/2"]
[WhiteElo "2111"]
[BlackElo "2136"]
[PlyCount "35"]
[EventDate "2013.07.13"]
[EventType "swiss"]
[EventRounds "9"]
[EventCountry "SRB"]
[SourceTitle "EXT 2014"]
[Source "ChessBase"]
[SourceDate "2013.11.20"]
[SourceVersion "1"]
[SourceVersionDate "2013.11.20"]
[SourceQuality "1"]

1. e4 e5 2. Nf3 Nc6 3. c3 d5 4. Qa4 Qd6 5. Bb5 Bd7 6. exd5 Qxd5 7. O-O f6 8.
Re1 O-O-O 9. d3 a6 10. Bc4 Qd6 11. Be3 Nge7 12. b4 Nd4 13. Qd1 Nxf3+ 14. Qxf3
Bc6 15. Qh3+ Bd7 16. Qf3 Bc6 17. Qh3+ Bd7 18. Qf3 1/2-1/2

[Event "Kowalewo Pomorskie op"]
[Site "Kowalewo Pomorskie"]
[Date "2013.07.16"]
[Round "9"]
[White "Zebracki, Tomasz"]
[Black "Warakomski, Tomasz"]
[Result "0-1"]
[WhiteElo "1929"]
[BlackElo "2498"]
[PlyCount "60"]
[EventDate "2013.07.10"]
[EventType "swiss"]
[EventRounds "9"]
[EventCountry "POL"]
[SourceTitle "CBM 155 Extra"]
[Source "ChessBase"]
[SourceDate "2013.08.26"]
[SourceVersion "1"]
[SourceVersionDate "2013.08.26"]
[SourceQuality "1"]

1. e4 e5 2. Nf3 Nc6 3. c3 d5 4. Qa4 f6 5. Bb5 Nge7 6. exd5 Qxd5 7. O-O Bd7 8.
d4 exd4 9. cxd4 Ne5 10. Nc3 Nxf3+ 11. gxf3 Qf5 12. d5 Ng6 13. Bxd7+ Qxd7 14.
Nb5 Kd8 15. Qb3 Qh3 16. Qc4 Bd6 17. Nxd6 cxd6 18. Qg4 Qxg4+ 19. fxg4 Re8 20.
Be3 Kd7 21. Rac1 Re5 22. Rc3 Ne7 23. Ra3 a6 24. Rd1 Rxd5 25. Rxd5 Nxd5 26. Bd4
Rc8 27. Rf3 Rc4 28. Ba7 b6 29. Rf5 Ke6 30. a3 Rxg4+ 0-1

[Event "South Wales op 10th"]
[Site "Penarth"]
[Date "2013.07.16"]
[Round "6"]
[White "Thorpe, Thomas"]
[Black "Guy, David T"]
[Result "1/2-1/2"]
[WhiteElo "1875"]
[BlackElo "1965"]
[PlyCount "52"]
[EventDate "2013.07.14"]
[EventType "swiss"]
[EventRounds "9"]
[EventCountry "WLS"]
[SourceTitle "CBM 155 Extra"]
[Source "ChessBase"]
[SourceDate "2013.08.26"]
[SourceVersion "1"]
[SourceVersionDate "2013.08.26"]
[SourceQuality "1"]

1. e4 e5 2. Nf3 Nc6 3. c3 Nf6 4. d4 exd4 5. e5 Nd5 6. cxd4 Bb4+ 7. Bd2 Bxd2+ 8.
Qxd2 O-O 9. Nc3 Nxc3 10. Qxc3 d5 11. Bd3 Ne7 12. Qc2 g6 13. h4 h5 14. e6 Bxe6
15. Ne5 Bf5 16. g4 hxg4 17. h5 c5 18. hxg6 Qa5+ 19. Kd1 Bxd3 20. Qxd3 f5 21.
Qg3 Qa4+ 22. Kc1 cxd4 23. Rh8+ Kg7 24. Rh7+ Kg8 25. Rh8+ Kg7 26. Rh7+ Kg8
1/2-1/2

[Event "Barcelona Sant Marti op-B 15th"]
[Site "Barcelona"]
[Date "2013.07.16"]
[Round "4"]
[White "Liarte Genoves, Sergi"]
[Black "Collell Rodriguez, Victor"]
[Result "1/2-1/2"]
[WhiteElo "1880"]
[BlackElo "1650"]
[PlyCount "103"]
[EventDate "2013.07.13"]
[EventType "swiss"]
[EventRounds "9"]
[EventCountry "ESP"]
[SourceTitle "CBM 155 Extra"]
[Source "ChessBase"]
[SourceDate "2013.08.26"]
[SourceVersion "1"]
[SourceVersionDate "2013.08.26"]
[SourceQuality "1"]

1. e4 e5 2. Nf3 Nc6 3. c3 Nf6 4. d4 exd4 5. e5 Nd5 6. Qb3 Nb6 7. cxd4 Bb4+ 8.
Nc3 d5 9. Bb5 Bxc3+ 10. Qxc3 Bd7 11. Bg5 Ne7 12. Bd3 c6 13. O-O h6 14. Bxe7
Qxe7 15. b4 O-O 16. a4 Bg4 17. a5 Nd7 18. Nd2 Rac8 19. h3 Be6 20. f4 f5 21.
exf6 Qxf6 22. f5 Bf7 23. g4 c5 24. Nf3 c4 25. Bc2 Qd6 26. Kg2 Rfe8 27. Rfe1
Rxe1 28. Rxe1 Re8 29. Rxe8+ Bxe8 30. Qe3 Kf8 31. b5 Qb4 32. Ne5 Qxb5 33. Ng6+
Bxg6 34. fxg6 Qxa5 35. Qf4+ Ke7 36. Qf7+ Kd6 37. Qf4+ Ke7 38. Qe3+ Kd6 39. Kg3
Kc6 40. Qe6+ Kc7 41. Bf5 Qa3+ 42. Kg2 Qd6 43. Qf7 c3 44. Qxg7 Qc6 45. Qxd7+
Qxd7 46. Bxd7 c2 47. g7 c1=Q 48. g8=Q Qd2+ 49. Kg3 Qe1+ 50. Kf4 Qe4+ 51. Kg3
Qe1+ 52. Kf4 1/2-1/2

[Event "Karl Mala Memorial op-A 16th"]
[Site "Frankfurt"]
[Date "2013.07.14"]
[Round "7"]
[White "Reh, Stefan"]
[Black "Schoen, Ralf"]
[Result "1/2-1/2"]
[WhiteElo "2048"]
[BlackElo "2206"]
[PlyCount "106"]
[EventDate "2013.07.11"]
[EventType "swiss"]
[EventRounds "7"]
[EventCountry "GER"]
[SourceTitle "EXT 2014"]
[Source "ChessBase"]
[SourceDate "2013.11.20"]
[SourceVersion "1"]
[SourceVersionDate "2013.11.20"]
[SourceQuality "1"]

1. e4 e5 2. Nf3 Nc6 3. c3 Nge7 4. d4 Ng6 5. d5 Nb8 6. Be3 Be7 7. c4 d6 8. Nc3
O-O 9. h4 f5 10. h5 Nh4 11. Nxh4 Bxh4 12. g3 f4 13. Bxf4 exf4 14. gxh4 Qf6 15.
Qd2 Bg4 16. Be2 f3 17. Bd3 h6 18. O-O-O Nd7 19. Rdg1 Ne5 20. Bf1 a6 21. Rg3 Rf7
22. Nd1 Qf4 23. Qxf4 Rxf4 24. Rhg1 g6 25. hxg6 h5 26. Nc3 Kg7 27. b3 Kxg6 28.
Kd2 Kh6 29. Bd3 Raf8 30. Nd1 Bd7 31. Rh1 a5 32. a4 b6 33. Ne3 Bg4 34. Rhg1 Re8
35. Bc2 Ref8 36. Bd3 R8f7 37. Bc2 R7f6 38. Bb1 Kh7 39. Bc2 Kh8 40. Bb1 Rf7 41.
Bc2 Kh7 42. Bb1 Kh6 43. Bc2 Bd7 44. Rh1 Ng4 45. Nd1 Kg7 46. Ne3 Kf6 47. Nd1 Ke5
48. Kc3 Kf6 49. Kd2 Ke7 50. Bb1 Kf8 51. Bc2 Be8 52. Bb1 Re7 53. Rhh3 Ref7
1/2-1/2

[Event "Leiden LCT op-A 7th"]
[Site "Leiden"]
[Date "2013.07.14"]
[Round "3"]
[White "Segers, Hans"]
[Black "Braggaar, Pim"]
[Result "1-0"]
[WhiteElo "2058"]
[BlackElo "1987"]
[PlyCount "81"]
[EventDate "2013.07.12"]
[EventType "swiss"]
[EventRounds "9"]
[EventCountry "NED"]
[SourceTitle "CBM 155 Extra"]
[Source "ChessBase"]
[SourceDate "2013.08.26"]
[SourceVersion "1"]
[SourceVersionDate "2013.08.26"]
[SourceQuality "1"]

1. e4 e5 2. Nf3 Nc6 3. c3 d6 4. d4 exd4 5. cxd4 Bg4 6. Be2 Be7 7. Nc3 Nf6 8.
O-O O-O 9. Be3 Re8 10. Qb3 Qc8 11. Ng5 Rf8 12. f3 Bd7 13. Bc4 Be8 14. Bd3 Bd7
15. Bc4 Be8 16. Qc2 Bd7 17. f4 Ng4 18. Qe2 Nxe3 19. Qxe3 Nd8 20. f5 Bf6 21. Nd5
Bxg5 22. Qxg5 h6 23. Qg3 Kh7 24. Ne7 Qb8 25. f6 g6 26. Bxf7 g5 27. Bg6+ Kh8 28.
Bf5 Bxf5 29. Rxf5 Rf7 30. Qh3 Rh7 31. Raf1 Nf7 32. e5 dxe5 33. dxe5 Qd8 34. e6
Qd4+ 35. Kh1 Nd6 36. Ng6+ Kg8 37. f7+ Kg7 38. f8=Q+ Rxf8 39. Nxf8 g4 40. Qh5
Nxf5 41. Qf7+ 1-0

[Event "FICGS__CHESS__RAPID_E__000108"]
[Site "FICGS"]
[Date "2013.07.14"]
[Round "1"]
[White "Melquiades, Jay"]
[Black "Belaz, Egidio"]
[Result "0-1"]
[WhiteElo "853"]
[BlackElo "1184"]
[PlyCount "46"]
[EventDate "2013.??.??"]
[EventType "rapid"]

1. e4 e5 2. Nf3 Nc6 3. c3 Nf6 4. h3 Nxe4 5. d3 Nf6 6. Bg5 Be7 7. Nbd2 Nd5 8.
Bxe7 Ndxe7 9. Ne4 d6 10. d4 exd4 11. Nxd4 Nxd4 12. Qxd4 O-O 13. Bd3 Nc6 14. Qe3
Re8 15. Nf6+ gxf6 16. Be4 f5 17. O-O-O Rxe4 18. Qf3 Ne5 19. g4 Nxf3 20. gxf5
Qg5+ 21. Kb1 Bxf5 22. a3 Re1+ 23. Ka2 Rxh1 0-1

[Event "Karl Mala Memorial op-B 16th"]
[Site "Frankfurt"]
[Date "2013.07.13"]
[Round "5"]
[White "Schmidt, Volker"]
[Black "Albrecht, Klaus Dieter"]
[Result "1-0"]
[WhiteElo "1543"]
[BlackElo "1183"]
[PlyCount "35"]
[EventDate "2013.07.11"]
[EventType "swiss"]
[EventRounds "7"]
[EventCountry "GER"]
[SourceTitle "CBM 155 Extra"]
[Source "ChessBase"]
[SourceDate "2013.08.26"]
[SourceVersion "1"]
[SourceVersionDate "2013.08.26"]
[SourceQuality "1"]

1. e4 e5 2. Nf3 Nc6 3. c3 Nf6 4. d3 h6 5. Nbd2 d5 6. exd5 Qxd5 7. Be2 Bf5 8. c4
Qd7 9. O-O O-O-O 10. Qa4 Bxd3 11. Bxd3 Qxd3 12. Nb3 Bd6 13. Be3 a6 14. c5 e4
15. Nfd4 Be5 16. Nxc6 bxc6 17. Qxc6 Kb8 18. Na5 1-0

[Event "Remote No Engine Nah email"]
[Site "Remote email"]
[Date "2013.07.13"]
[Round "?"]
[White "Tortoza, Carlos Alberto"]
[Black "Decking, Lutz"]
[Result "0-1"]
[WhiteElo "1653"]
[BlackElo "2104"]
[PlyCount "80"]
[EventDate "2013.??.??"]
[EventType "tourn (corr)"]
[EventRounds "6"]
[EventCountry "GER"]
[SourceTitle "OM Corr 202003"]
[Source "Opening Master"]
[SourceDate "2019.05.30"]
[SourceVersion "2"]
[SourceVersionDate "2019.05.30"]
[SourceQuality "1"]

1. e4 e5 2. Nf3 Nc6 3. c3 Nf6 4. d3 d5 5. exd5 Nxd5 6. Be2 Be7 7. O-O O-O 8. c4
Nf6 9. Nc3 a6 10. a3 h6 11. Be3 b6 12. b4 Bb7 13. b5 axb5 14. Nxb5 Ng4 15. Bc1
Bc5 16. Bb2 Re8 17. h3 Nf6 18. Qe1 Ba6 19. a4 Nb4 20. Qd2 Bxb5 21. cxb5 Nbd5
22. Nh4 Bb4 23. Qc2 Nf4 24. Bf3 Ra7 25. Bc6 Re6 26. Nf5 Bc5 27. Be4 Nxe4 28.
dxe4 Qg5 29. g4 Nxh3+ 30. Kh2 Nf4 31. Kg3 h5 32. Qd1 Ra8 33. f3 Rd8 34. Qe1 Nd3
35. Qe2 h4+ 36. Nxh4 Qf4+ 37. Kg2 Nxb2 38. Rae1 Rd2 39. Qxd2 Qxd2+ 40. Kh1 Rh6
0-1

[Event "Budapest FS07 IM"]
[Site "Budapest"]
[Date "2013.07.12"]
[Round "7"]
[White "Szabolcsi, Janos"]
[Black "Bird, Andrew"]
[Result "1-0"]
[WhiteElo "2350"]
[BlackElo "2231"]
[PlyCount "143"]
[EventDate "2013.07.06"]
[EventType "tourn"]
[EventRounds "11"]
[EventCountry "HUN"]
[EventCategory "2"]
[SourceTitle "CBM 155 Extra"]
[Source "ChessBase"]
[SourceDate "2013.08.26"]
[SourceVersion "1"]
[SourceVersionDate "2013.08.26"]
[SourceQuality "1"]

1. e4 e5 2. Nf3 Nc6 3. c3 d5 4. Qa4 f6 5. Bb5 Nge7 6. d3 a6 7. exd5 Bf5 8.
Bxc6+ bxc6 9. d4 e4 10. Nfd2 Bd7 11. d6 cxd6 12. Nxe4 Ng6 13. O-O Be7 14. c4
O-O 15. Qd1 f5 16. Nec3 f4 17. f3 Rf5 18. Nd2 d5 19. cxd5 cxd5 20. Nb3 Rh5 21.
Bd2 Bd6 22. Be1 Qg5 23. Rc1 Qh6 24. Nc5 Bf5 25. Qb3 Bc8 26. Nxd5 Kh8 27. Nb6
Rb8 28. Nxc8 Rxb3 29. Nxd6 Kg8 30. Nxb3 Nf8 31. Bb4 Rxh2 32. Nf5 Rh1+ 33. Kf2
Rxf1+ 34. Kxf1 Qe6 35. Rc8 h6 36. Rxf8+ Kh7 37. Bc3 Qc4+ 38. Kf2 g6 39. d5 gxf5
40. d6 Qe6 41. Bd2 Qxd6 42. Rxf5 Qb6+ 43. Kf1 Qg6 44. Nd4 Qb6 45. Bc3 Qd6 46.
Ne2 Qe6 47. Ra5 Qd6 48. a3 Qd1+ 49. Kf2 Qd6 50. Ra4 h5 51. Rxf4 Qd3 52. Rh4 Qf5
53. g4 Qc5+ 54. Bd4 Qc2 55. Rxh5+ Kg8 56. Re5 Qd1 57. Bc3 Qh1 58. g5 Qh5 59. f4
Kf8 60. Bb4+ Kg7 61. Ra5 Qh4+ 62. Ke3 Qh3+ 63. Kd2 Qd7+ 64. Kc1 Qd3 65. Re5 Kg8
66. f5 Qc4+ 67. Bc3 Kf8 68. g6 Qh4 69. g7+ Kf7 70. f6 Qh1+ 71. Kc2 Qh7+ 72. Kb3
1-0

[Event "Pinneberg op Seniors 14th"]
[Site "Pinneberg"]
[Date "2013.07.12"]
[Round "4"]
[White "Ziehm, Holger"]
[Black "Tantsura, Leonid"]
[Result "0-1"]
[WhiteElo "1485"]
[BlackElo "1698"]
[PlyCount "47"]
[EventDate "2013.06.20"]
[EventType "swiss"]
[EventRounds "7"]
[EventCountry "GER"]
[SourceTitle "OM OTB B 201907"]
[Source "Opening Master"]
[SourceDate "2019.07.06"]
[SourceVersion "2"]
[SourceVersionDate "2019.07.06"]
[SourceQuality "1"]

1. e4 e5 2. Nf3 Nc6 3. c3 Nf6 4. d4 exd4 5. e5 Qe7 6. cxd4 h6 7. Nc3 d5 8. Be2
Nh7 9. Nxd5 Qd8 10. Nc3 Bb4 11. O-O Bxc3 12. bxc3 O-O 13. Qc2 Re8 14. Bd3 Nf8
15. Re1 Ne6 16. Be3 a6 17. c4 Nb4 18. Qd2 Nxd3 19. Qxd3 c6 20. Rad1 b5 21. cxb5
axb5 22. a3 Qe7 23. Ra1 Ra4 24. Bd2 0-1

[Event "Karl Mala Memorial op-A 16th"]
[Site "Frankfurt"]
[Date "2013.07.12"]
[Round "3"]
[White "Reh, Stefan"]
[Black "Breuer, Yannick"]
[Result "1-0"]
[WhiteElo "2048"]
[BlackElo "1874"]
[PlyCount "63"]
[EventDate "2013.07.11"]
[EventType "swiss"]
[EventRounds "7"]
[EventCountry "GER"]
[SourceTitle "EXT 2014"]
[Source "ChessBase"]
[SourceDate "2013.11.20"]
[SourceVersion "1"]
[SourceVersionDate "2013.11.20"]
[SourceQuality "1"]

1. e4 e5 2. Nf3 Nc6 3. c3 Nf6 4. d4 exd4 5. e5 Nd5 6. Qb3 Nb6 7. cxd4 d5 8. Bb5
Bd7 9. O-O Ne7 10. Bd3 Ng6 11. Nc3 c5 12. Bg5 Qc8 13. dxc5 Bxc5 14. Nxd5 Nxd5
15. Qxd5 Be6 16. Bb5+ Kf8 17. Qd2 Be7 18. Rfd1 Bxg5 19. Nxg5 Qc7 20. Re1 Nxe5
21. Nxe6+ fxe6 22. Qf4+ Ke7 23. Rxe5 Rac8 24. h3 Rhf8 25. Qg5+ Kf7 26. Rae1 Kg8
27. Rxe6 Qc2 28. R1e2 Qb1+ 29. Kh2 Rc2 30. Re7 g6 31. Qd5+ Kh8 32. Qe5+ 1-0

[Event "Karl Mala Memorial op-A 16th"]
[Site "Frankfurt"]
[Date "2013.07.11"]
[Round "1"]
[White "Reh, Stefan"]
[Black "Kunkel, Wolfgang"]
[Result "1/2-1/2"]
[WhiteElo "2048"]
[BlackElo "1721"]
[PlyCount "91"]
[EventDate "2013.07.11"]
[EventType "swiss"]
[EventRounds "7"]
[EventCountry "GER"]
[SourceTitle "EXT 2014"]
[Source "ChessBase"]
[SourceDate "2013.11.20"]
[SourceVersion "1"]
[SourceVersionDate "2013.11.20"]
[SourceQuality "1"]

1. e4 e5 2. Nf3 Nc6 3. c3 a6 4. d4 f5 5. Nxe5 Nxe5 6. dxe5 d6 7. Bd3 dxe5 8.
exf5 Nf6 9. Qe2 Bd6 10. Bg5 O-O 11. Nd2 Qe8 12. Bxf6 Rxf6 13. Ne4 Rf8 14. g4 b5
15. f6 gxf6 16. Nxd6 cxd6 17. Qe4 Ra7 18. O-O-O Be6 19. Rhg1 Qf7 20. g5 f5 21.
Qh4 e4 22. Bc2 d5 23. Rg2 Qg6 24. Qf4 Rg7 25. h4 Bf7 26. Bb3 Rd8 27. h5 Qd6 28.
Qxf5 Be6 29. Qf6 Rf7 30. Qd4 Qf4+ 31. Kb1 Qf3 32. Rdg1 Qd3+ 33. Qxd3 exd3 34.
g6 Rfd7 35. gxh7+ Kxh7 36. Kc1 Bf5 37. Kd2 Re7 38. Bd1 b4 39. Rg5 bxc3+ 40.
bxc3 Rf7 41. f3 Rb8 42. Bb3 a5 43. Bxd5 Rb2+ 44. Kc1 Rc2+ 45. Kb1 Rf8 46. Rxf5
1/2-1/2

[Event "Irish Championships 2013"]
[Site "University of Limerick"]
[Date "2013.07.10"]
[Round "5"]
[White "Delaney, Killian"]
[Black "Quinn, Ciaran"]
[Result "1-0"]
[WhiteElo "2117"]
[BlackElo "2098"]
[PlyCount "58"]
[EventDate "2013.??.??"]
[SourceTitle "OM OTB B 201907"]
[Source "Opening Master"]
[SourceDate "2019.07.06"]
[SourceVersion "2"]
[SourceVersionDate "2019.07.06"]
[SourceQuality "1"]

1. e4 e5 2. Nf3 Nc6 3. c3 d5 4. Qa4 Nf6 5. Nxe5 Bd7 6. Nxd7 Qxd7 7. exd5 Qxd5
8. Qb5 Qd7 9. d4 Bd6 10. Be3 O-O 11. Nd2 Ng4 12. O-O-O a6 13. Qh5 g6 14. Qh4
Nxe3 15. fxe3 Qe6 16. e4 Qxa2 17. Bc4 Be7 18. Qh6 Qa5 19. e5 Rad8 20. h4 b5 21.
Ne4 Rxd4 22. Nf6+ Bxf6 23. exf6 Qa1+ 24. Kc2 Nb4+ 25. cxb4 Rxc4+ 26. Kd3 Rd8+
27. Ke3 Re8+ 28. Kf3 Rc3+ 29. Kf4 Rc4+ 1-0

[Event "Samara Polugaevsky Memorial 3rd"]
[Site "Samara"]
[Date "2013.07.09"]
[Round "8"]
[White "Kharlov, Andrei"]
[Black "Postnikov, Daniil"]
[Result "1-0"]
[WhiteElo "2504"]
[BlackElo "2178"]
[PlyCount "95"]
[EventDate "2013.07.02"]
[EventType "swiss"]
[EventRounds "9"]
[EventCountry "RUS"]
[SourceTitle "CBM 155 Extra"]
[Source "ChessBase"]
[SourceDate "2013.08.26"]
[SourceVersion "1"]
[SourceVersionDate "2013.08.26"]
[SourceQuality "1"]

1. e4 e5 2. Nf3 Nc6 3. c3 d5 4. Qa4 Qd6 5. d4 Bd7 6. Bb5 exd4 7. exd5 Qxd5 8.
O-O O-O-O 9. cxd4 Nf6 10. Bxc6 Bxc6 11. Qxa7 Bd6 12. Nc3 Qh5 13. Ne5 Bxe5 14.
dxe5 Qxe5 15. h3 Rhe8 16. Be3 Nd5 17. Rfd1 b6 18. Nxd5 Rxd5 19. Qa6+ Bb7 20.
Qe2 f5 21. Qh5 g6 22. Qg5 Qxb2 23. Rdc1 Qg7 24. Bxb6 Rd7 25. Be3 Qe7 26. Qg3
Rd3 27. Rc5 Red8 28. Rac1 Rd1+ 29. Kh2 Rxc1 30. Rxc1 Rd3 31. Kg1 Qd6 32. Bf4
Rxg3 33. Bxd6 Rxg2+ 34. Kf1 Bf3 35. Rxc7+ Kd8 36. Rxh7 g5 37. Rg7 Kc8 38. Bf4
Kd8 39. a4 Ke8 40. a5 g4 41. h4 Kf8 42. Rg5 Be4 43. h5 g3 44. Rxg3 Rh2 45. Rg8+
Kxg8 46. Bxh2 Kh7 47. Bf4 Bf3 48. h6 1-0

[Event "SRB Central-ch op-A 6th"]
[Site "Paracin"]
[Date "2013.07.09"]
[Round "5"]
[White "Radovic, Luka"]
[Black "Kuzmanovic, Slobodan"]
[Result "1-0"]
[WhiteElo "2065"]
[BlackElo "2146"]
[PlyCount "135"]
[EventDate "2013.07.05"]
[EventType "swiss"]
[EventRounds "9"]
[EventCountry "SRB"]
[SourceTitle "CBM 155 Extra"]
[Source "ChessBase"]
[SourceDate "2013.08.26"]
[SourceVersion "1"]
[SourceVersionDate "2013.08.26"]
[SourceQuality "1"]

1. Nf3 Nc6 2. e4 e5 3. c3 Nf6 4. d4 exd4 5. e5 Ne4 6. cxd4 Bb4+ 7. Nbd2 d6 8.
Bd3 Nxd2 9. Bxd2 Bxd2+ 10. Qxd2 Bg4 11. Bb5 O-O 12. O-O-O dxe5 13. Bxc6 bxc6
14. dxe5 Qe7 15. Qc3 Rab8 16. Rhe1 Be6 17. Kb1 Rb6 18. Rd2 Ra6 19. b3 Rb8 20.
Nd4 Bd5 21. f4 Rab6 22. Kb2 a5 23. Qxa5 Qf8 24. Rc1 Ra8 25. Qc5 Qc8 26. Rc3 Qa6
27. a3 Qf1 28. Nf3 Rab8 29. b4 h6 30. Rcd3 Be4 31. Rd8+ Rxd8 32. Rxd8+ Kh7 33.
Qg1 Qb5 34. Qe3 Bxf3 35. gxf3 c5 36. Rd5 Qf1 37. Rxc5 Rg6 38. Rc2 Rg2 39. h4
Rxc2+ 40. Kxc2 Qa1 41. Kb3 Qd1+ 42. Kc4 Kh8 43. Qd3 Qc1+ 44. Kb5 c6+ 45. Kb6
Qxf4 46. Kxc6 Qxe5 47. b5 Qe6+ 48. Qd6 Qc4+ 49. Kb6 Qxh4 50. Kc7 Qc4+ 51. Qc6
Qf4+ 52. Kb7 h5 53. b6 h4 54. Ka7 Qd4 55. Qe8+ Kh7 56. Qxf7 Qa4+ 57. Kb8 Qxa3
58. b7 Qd6+ 59. Kc8 Qc6+ 60. Qc7 Qe8+ 61. Qd8 Qc6+ 62. Kb8 h3 63. Qh4+ Qh6 64.
Qe4+ g6 65. Qe7+ Qg7 66. Qd6 Qh6 67. Qd7+ Kg8 68. Ka8 1-0

[Event "Agneaux St Lo op 15th"]
[Site "Agneaux"]
[Date "2013.07.08"]
[Round "2"]
[White "Gely, Yann"]
[Black "Lenoel, Marine"]
[Result "0-1"]
[WhiteElo "1652"]
[BlackElo "1951"]
[PlyCount "106"]
[EventDate "2013.07.07"]
[EventType "swiss"]
[EventRounds "9"]
[EventCountry "FRA"]
[SourceTitle "EXT 2014"]
[Source "ChessBase"]
[SourceDate "2013.11.20"]
[SourceVersion "1"]
[SourceVersionDate "2013.11.20"]
[SourceQuality "1"]

1. e4 e5 2. Nf3 Nc6 3. c3 d6 4. d4 Nf6 5. dxe5 Nxe4 6. Qd5 Nc5 7. Bb5 Bd7 8.
O-O a6 9. exd6 Bxd6 10. Re1+ Ne6 11. Bg5 Be7 12. Bxe7 Qxe7 13. Bd3 O-O-O 14.
Qe4 Qf6 15. Bc4 Rhe8 16. Nbd2 g5 17. b4 g4 18. Ne5 Ng5 19. Nxd7 Nxe4 20. Nxf6
Nxf6 21. Nb3 Ne5 22. Bf1 Nd5 23. Rac1 h5 24. a3 h4 25. c4 Nf4 26. Re4 Nfg6 27.
b5 axb5 28. cxb5 h3 29. a4 Nh4 30. Rb4 hxg2 31. Be2 Rh8 32. Bxg4+ f5 33. Be2
Nd3 34. Bxd3 Rxd3 35. Nd4 Rxd4 36. Rxd4 Nf3+ 37. Kxg2 Nxd4 38. Rc4 Rg8+ 39. Kh3
Ne6 40. a5 Kd7 41. a6 bxa6 42. bxa6 Ra8 43. Ra4 Nc5 44. Ra5 Kc6 45. Kg3 Kb6 46.
Ra1 Nxa6 47. Kf4 Rh8 48. Rh1 Rh5 49. h4 Nc5 50. Ke5 Nd3+ 51. Kf6 Nxf2 52. Rb1+
Kc5 53. Rc1+ Kd6 0-1

[Event "Remote No Engine Nah2-01 email"]
[Site "Remote email"]
[Date "2013.07.08"]
[Round "?"]
[White "Tortoza, Carlos Alberto"]
[Black "Klein, Tobias"]
[Result "0-1"]
[WhiteElo "1662"]
[BlackElo "2160"]
[PlyCount "32"]
[EventDate "2013.??.??"]
[EventType "tourn (corr)"]
[EventRounds "6"]
[EventCountry "GER"]
[SourceTitle "OM Corr 202003"]
[Source "Opening Master"]
[SourceDate "2019.05.30"]
[SourceVersion "2"]
[SourceVersionDate "2019.05.30"]
[SourceQuality "1"]

1. e4 e5 2. Nf3 Nc6 3. c3 Nf6 4. Bd3 d5 5. exd5 Qxd5 6. Qe2 Be6 7. Ng5 Qxg2 8.
Rg1 Qxg1+ 9. Qf1 Qxg5 10. Bb5 O-O-O 11. Bxc6 bxc6 12. a4 Ne4 13. b4 Be7 14. Ke2
Bc4+ 15. d3 Bxd3+ 16. Ke1 Qxc1# 0-1

[Event "corr CiF-11er/0044"]
[Site "www.remoteschach.de"]
[Date "2013.07.08"]
[Round "?"]
[White "Camacho, Carlos Eduardo"]
[Black "Cabrera Trujillo, Claudio Tomas"]
[Result "0-1"]
[WhiteElo "1776"]
[BlackElo "1909"]
[PlyCount "52"]
[EventDate "2013.??.??"]
[EventType "tourn (corr)"]
[SourceTitle "OM Corr 202003"]
[Source "Opening Master"]
[SourceDate "2019.05.30"]
[SourceVersion "2"]
[SourceVersionDate "2019.05.30"]
[SourceQuality "1"]

1. e4 e5 2. Nf3 Nc6 3. c3 d5 4. Qc2 Nf6 5. d3 Be7 6. Be2 O-O 7. Bg5 h6 8. Bh4
Bg4 9. Nbd2 Re8 10. h3 Be6 11. O-O a6 12. Bg3 Bd6 13. Rfd1 Qd7 14. exd5 Nxd5
15. a3 Nf4 16. Ne4 Nxe2+ 17. Qxe2 f5 18. Nxd6 cxd6 19. b4 Qf7 20. Nd2 f4 21.
Bh2 Ne7 22. Ne4 Rad8 23. c4 Qg6 24. Kh1 Nf5 25. a4 Nd4 26. b5 Nxe2 0-1

[Event "Styrian op-A"]
[Site "Bad Gleichenberg"]
[Date "2013.07.07"]
[Round "2"]
[White "Hofbauer, Peter"]
[Black "Mesaros, Florian"]
[Result "1-0"]
[WhiteElo "2060"]
[BlackElo "2166"]
[PlyCount "101"]
[EventDate "2013.07.06"]
[EventType "swiss"]
[EventRounds "9"]
[EventCountry "AUT"]
[SourceTitle "CBM 155 Extra"]
[Source "ChessBase"]
[SourceDate "2013.08.26"]
[SourceVersion "1"]
[SourceVersionDate "2013.08.26"]
[SourceQuality "1"]

1. e4 e5 2. Nf3 Nc6 3. c3 Nf6 4. d4 d5 5. exd5 Qxd5 6. dxe5 Qxd1+ 7. Kxd1 Ng4
8. Be3 Nxe3+ 9. fxe3 Bg4 10. Kc2 Bc5 11. e4 O-O-O 12. Nbd2 Rhe8 13. Bb5 Re6 14.
Nb3 Be3 15. Bxc6 bxc6 16. Rhf1 Rd7 17. Rae1 Bxf3 18. Rxe3 Bxg2 19. Rf2 Rg6 20.
Nc5 Re7 21. e6 Rexe6 22. Nxe6 fxe6 23. Kd3 Rg4 24. c4 h5 25. c5 h4 26. h3 Rg5
27. Rf4 Rxc5 28. Rxh4 Bf1+ 29. Kd2 Ra5 30. Rf4 Bc4 31. a3 Rh5 32. Rg4 Bf1 33.
Rxg7 Rxh3 34. Rxh3 Bxh3 35. Ke3 Bf1 36. Kd4 a5 37. a4 Be2 38. Rg5 Bd1 39. Rxa5
Kb7 40. Re5 Bxa4 41. Rxe6 Kc8 42. Re7 Kd8 43. Rg7 Bb3 44. e5 Bd5 45. Ke3 c5 46.
Kf4 Be6 47. Kg5 Bd5 48. Kf6 Bc6 49. e6 Be8 50. Rg8 c6 51. Rh8 1-0